| 000 | 00541nam a2200181Ia 4500 | ||
|---|---|---|---|
| 008 | 090123s9999 xx 000 0 und d | ||
| 082 |
_b17722 _a891.463/जावडे |
||
| 100 | _aजावडेकर सुबोध | ||
| 245 | _aआकांत | ||
| 250 | _a1 | ||
| 260 |
_bग्रंथाली प्रकाशन _c1988 |
||
| 300 | _a102 | ||
| 600 | _aजावडेकर सुबोध | ||
| 630 | _aआकांत | ||
| 700 | _aजावडेकर सुबोध | ||
| 730 | _aआकांत | ||
| 942 | _cBOOK | ||
| 999 |
_c55781 _d55781 |
||